"Fast and Furious" - Darsteller - Statistiken

Allgemein
  • Dieses Quiz wurde 47 mal gespielt
  • Das Durchschnittsergebnis liegt bei 7 aus 32
Antwortstatistiken
Charakter Darsteller/in % Korrekt
Domenic Toretto Vin Diesel
98%
Brian O'Connor Paul Walker
82%
Luke Hobbs Dwayne Johnson
78%
Deckard Show Jason Statham
58%
Tej Parker Ludacris
49%
Letty Ortiz Michelle Rodriguez
44%
Gisele Yashar Gal Gadot
40%
Jakob Toretto John Cena
40%
Roman Pearce Tyrese Gibson
27%
Mia Toretto Jordana Brewster
24%
Dante Reyes Jason Momoa
22%
Cipher Charlize Theron
16%
Rico Santos Don Omar
16%
Owen Shaw Luke Evans
13%
Han Lue Sung Kang
13%
Magdalene Shaw Helen Mirren
11%
Elena Neves Elsa Pataky
9%
Monica Fuentes Eva Mendes
9%
Mr. Nobody Kurt Russel
9%
Sean Boswell Lucas Black
9%
Vince Matt Schulze
9%
Ramsey Nathalie Emmanuel
9%
Jesse Chad Lindberg
7%
Hattie Shaw Vanessa Kirby
7%
Brixton Lore Idris Elba
4%
Eric Reisner Scott Eastwood
4%
Tego Leo Tego Calderon
4%
Aimes Alan Ritchson
2%
Tess Petty Brie Larson
2%
Hernan Reyes Joaquin de Almeida
2%
Arturo Braga John Ortiz
2%
Victor Locke Ryan Reynolds
2%
Keine übereinstimmenden Quizze gefunden
Verteilung der Resultate
Anzahl Personen mit jedem Resultat
Perzentil nach korrekt beantworteten Fragen
Ihre Resultats-Entwicklung
Sie haben dieses Quiz noch nicht gespielt